Countries With The Lowest US Visa Rejection - Statistics

General Stats
  • This quiz has been taken 40 times
  • The average score is 11 of 20
Answer Stats
% Country % Correct
15.07 Brazil
78%
7.47 Argentina
72%
20.21 China
72%
22.64 Mexico
69%
21.76 Peru
66%
20.90 Panama
63%
20.44 Costa Rica
59%
11.32 Israel
59%
5.98 Saudi Arabia
59%
21.12 South Africa
56%
2.17 United Arab Emirates
56%
24.35 Dominican Republic
53%
23.09 Thailand
53%
22.98 Vietnam
53%
9.88 Uruguay
50%
25.67 Turkey
47%
22.03 Paraguay
44%
7.92 Malaysia
41%
18.51 Romania
25%
21.89 Bulgaria
22%
No matching quizzes found
Score Distribution
Percent of People with Each Score
Percentile by Number Answered
Your Score History
You have not taken this quiz